[Event "17th Aeroflot Open-A 2019"]
[Site "Moscow"]
[Date "2019.02.21"]
[Round "2.40"]
[White "Vaibhav, Suri"]
[Black "Karthik Venkataraman"]
[Result "1/2-1/2"]
[WhiteElo "2575"]
[BlackElo "2494"]
[Annotator "TA"]
[PlyCount "80"]
[EventDate "2019.02.19"]
[EventCountry "RUS"]
[SourceTitle "playchess.com"]
[Source "ChessBase"]
[SourceQuality "1"]

{[%evp 16,80,29,43,46,37,39,45,57,52,159,143,175,170,177,159,189,190,166,165,175,145,131,112,106,104,110,66,63,74,65,39,53,0,0,0,0,0,0,-35,-18,-41,-43,-47,-54,-48,-45,-48,-59,-56,-18,-29,-32,-36,-36,-41,0,-21,0,-21,-21,-21,0,-21,0,-14,-14]} 1. c4 Nf6 2. Nc3 g6 3. e4 d6 4. d4 Bg7 5. Nf3 O-O 6. h3 e5 7. d5 a5 8. Be3 Na6 9. g4 Nd7 {E90: King's Indian: Classical: Early deviations and 6 h3} (9... Nc5 10. Nd2 c6 11. Be2 a4 12. h4 Qa5 13. f3 a3 14. Qc2 axb2 15. Qxb2 h5 16. g5 Nfd7 17. O-O f6 18. Kg2 Qd8 19. Nb3 fxg5 20. hxg5 {½-½ (67) Nepomniachtchi,I (2757)-Grischuk,A (2766) chess.com INT 2018}) 10. a3 Nb6 11. Rg1 Kh8 {White is slightly better.} 12. h4 f5 $146 (12... Bd7 $14) ({Predecessor:} 12... Bd7 13. g5 f6 14. h5 gxh5 15. Nd2 fxg5 16. Qxh5 Qf6 17. O-O-O {½-½ (66) Melkumyan,H (2653)-Andersen,M (2479) Reykjavik 2016}) 13. gxf5 $16 gxf5 {[#]} 14. Ng5 $1 Qe8 15. Nb5 {Bxb6 is the strong threat.} Rf6 {[#]} 16. Nxc7 $1 {[%mdl 576] Remove Defender} Nxc7 17. Bxb6 Na6 {[%cal Bc7a6,Ba6c5,Bc5b3][%mdl 32]} 18. Qc2 h6 19. Ne6 ({And not} 19. Bxa5 hxg5 20. hxg5 Rf8 $15) 19... Bxe6 20. dxe6 Qc6 21. Be3 ({Stronger than} 21. exf5 Qxb6 22. O-O-O Nc5 $17) 21... f4 $1 {[%cal Rf4e3]} 22. Bd2 Nc5 23. f3 Qb6 {aiming for ...Nb3.} 24. Rg2 ({White should play} 24. Bc3 $1 $14) 24... Nb3 $1 $11 {[%cal Rb3a1]} 25. Rd1 Rxe6 26. Bc3 Bf6 $36 {[%mdl 2048] White is under pressure.} 27. Rh2 Rg8 28. Qf2 Nd4 29. Kd2 Rg3 30. Bxd4 $1 exd4 31. Kc1 Qb3 32. Bd3 Re7 33. Qe2 Be5 34. Kb1 Reg7 {White must now prevent ...Rg2!} 35. Rf1 Qb6 36. Qc2 {The position is equal.} Qd8 37. Ka2 h5 38. Rff2 Qg8 39. Qa4 Qd8 40. Qb5 b6 {Accuracy: White = 57%, Black = 72%.} 1/2-1/2

[Event "17th Aeroflot Open-A 2019"]
[Site "Moscow"]
[Date "2019.02.22"]
[Round "3.1"]
[White "Sasikiran, Krishnan"]
[Black "Aravindh, Chithambaram VR."]
[Result "1-0"]
[WhiteElo "2678"]
[BlackElo "2601"]
[Annotator "ChessBase"]
[PlyCount "63"]
[EventDate "2019.02.19"]
[EventCountry "RUS"]
[SourceTitle "playchess.com"]
[Source "ChessBase"]
[SourceQuality "1"]
[TimeControl "40/5400+30:1800+30"]

1. e4 {[%emt 0:00:00]} e5 {[%emt 0:00:00]} 2. Nf3 {[%emt 0:00:00]} Nc6 {[%emt 0:00:00]} 3. Bb5 {[%emt 0:00:00]} Nge7 {[%emt 0:00:02]} 4. O-O {[%emt 0:09:11]} g6 {[%emt 0:00:26]} 5. c3 {[%emt 0:00:33]} a6 {[%emt 0:00:09]} 6. Ba4 {[%emt 0:01:03]} Bg7 {[%emt 0:00:20]} 7. d4 {[%emt 0:00:33]} exd4 {[%emt 0:00:09]} 8. cxd4 {[%emt 0:00:57]} b5 {[%emt 0:00:09]} 9. Bb3 {[%emt 0:00:26]} O-O {[%emt 0:00:30]} 10. a4 {[%emt 0:04:39]} b4 {[%emt 0:03:15]} 11. a5 {[%emt 0:02:09]} d5 {[%emt 0:02:05]} 12. exd5 {[%emt 0:05:06]} Nxd5 {[%emt 0:00:07]} 13. Bg5 {[%emt 0:02:43]} f6 {[%emt 0:01:43]} 14. Be3 {[%emt 0:04:53]} Kh8 {[%emt 0:07:05]} 15. Nbd2 {[%emt 0:06:05]} Nce7 {[%emt 0:10:01]} 16. Re1 {[%emt 0:15:30]} g5 {[%emt 0:21:10]} 17. h3 {[%emt 0:13:54]} Ng6 {[%emt 0:01:34]} 18. Rc1 {[%emt 0:03:50]} Bb7 {[%emt 0:10:06]} 19. Qc2 {[%emt 0:06:13]} Re8 {[%emt 0:02:48]} 20. Ne4 {[%emt 0:03:06]} Bh6 {[%emt 0:18:52]} 21. Bd2 {[%emt 0:04:26]} Ndf4 {[%emt 0:01:12]} 22. d5 {[%emt 0:02:38]} Bg7 {[%emt 0:01:45]} 23. Rcd1 {[%emt 0:04:24]} Qc8 {[%emt 0:04:19]} 24. Bxf4 {[%emt 0:03:26]} Nxf4 {[%emt 0:04:12]} 25. Nexg5 {[%emt 0:01:47]} fxg5 {[%emt 0:00:15]} 26. Nxg5 {[%emt 0:00:14]} Rxe1+ {[%emt 0:00:55]} 27. Rxe1 {[%emt 0:00:06]} Qg8 {[%emt 0:00:11]} 28. d6 {[%emt 0:00:41]} Bd5 {[%emt 0:01:35]} 29. Bxd5 {[%emt 0:00:19]} Nxd5 {[%emt 0:00:05]} 30. d7 {[%emt 0:00:26]} Bf6 {[%emt 0:03:30]} 31. Re8 {[%emt 0:00:30]} Bxg5 {[%emt 0:00:10]} 32. Qc6 {[%emt 0:01:07]} 1-0

[Event "17th Aeroflot Open-A 2019"]
[Site "Moscow"]
[Date "2019.02.22"]
[Round "3.2"]
[White "Narayanan.S.L"]
[Black "Zhou, Jianchao"]
[Result "1/2-1/2"]
[WhiteElo "2593"]
[BlackElo "2615"]
[Annotator "ChessBase"]
[PlyCount "57"]
[EventDate "2019.02.19"]
[EventCountry "RUS"]
[SourceTitle "playchess.com"]
[Source "ChessBase"]
[SourceQuality "1"]
[TimeControl "40/5400+30:1800+30"]

1. d4 {[%emt 0:01:15]} d5 {[%emt 0:00:00]} 2. c4 {[%emt 0:00:05]} c6 {[%emt 0:00:00]} 3. Nc3 {[%emt 0:00:13]} Nf6 {[%emt 0:00:00]} 4. e3 {[%emt 0:00:06]} a6 {[%emt 0:03:09]} 5. Nf3 {[%emt 0:00:06]} Bf5 {[%emt 0:02:32]} 6. Ne5 {[%emt 0:00:16]} Nbd7 {[%emt 0:04:28]} 7. Qb3 {[%emt 0:00:08]} Qc7 {[%emt 0:00:36]} 8. cxd5 {[%emt 0:00:07]} Nxe5 {[%emt 0:02:34]} 9. dxe5 {[%emt 0:00:06]} Nxd5 {[%emt 0:00:28]} 10. Nxd5 {[%emt 0:00:06]} cxd5 {[%emt 0:00:06]} 11. Bd2 {[%emt 0:00:05]} Qxe5 {[%emt 0:04:45]} 12. Rc1 {[%emt 0:15:16]} Qb8 {[%emt 0:43:12]} 13. Ba5 {[%emt 0:42:53]} Bd7 {[%emt 0:14:12]} 14. Rc7 {[%emt 0:13:00]} Bc6 {[%emt 0:01:46]} 15. Qc3 {[%emt 0:00:06]} e6 {[%emt 0:04:07]} 16. Be2 {[%emt 0:00:30]} Bd6 {[%emt 0:07:13]} 17. Qxg7 {[%emt 0:00:33]} Bxc7 {[%emt 0:00:32]} 18. Bxc7 {[%emt 0:00:11]} Qxc7 {[%emt 0:00:07]} 19. Qxh8+ {[%emt 0:00:06]} Ke7 {[%emt 0:01:59]} 20. Qxa8 {[%emt 0:03:00]} Qa5+ {[%emt 0:00:01]} 21. Kf1 {[%emt 0:04:13]} Qd2 {[%emt 0:01:23]} 22. f3 {[%emt 0:04:38]} Qc1+ {[%emt 0:01:30]} 23. Kf2 {[%emt 0:00:04]} Qxh1 {[%emt 0:00:03]} 24. Qb8 {[%emt 0:00:30]} Qb1 {[%emt 0:00:36]} 25. Qc7+ {[%emt 0:01:10]} Ke8 {[%emt 0:00:27]} 26. Qc8+ {[%emt 0:01:31]} Ke7 {[%emt 0:00:01]} 27. Qc7+ {[%emt 0:01:59]} Ke8 {[%emt 0:00:01]} 28. Qc8+ {[%emt 0:00:57]} Ke7 {[%emt 0:00:01]} 29. Qc7+ {[%emt 0:00:07]} 1/2-1/2

[Event "17th Aeroflot Open-A 2019"]
[Site "Moscow"]
[Date "2019.02.22"]
[Round "3.3"]
[White "Chigaev, Maksim"]
[Black "Nihal Sarin"]
[Result "1-0"]
[WhiteElo "2613"]
[BlackElo "2578"]
[Annotator "TA"]
[PlyCount "79"]
[EventDate "2019.02.19"]
[EventCountry "RUS"]
[SourceTitle "playchess.com"]
[Source "ChessBase"]
[SourceQuality "1"]

{[%evp 13,79,0,0,0,10,0,2,10,18,13,31,29,35,43,41,41,43,40,75,77,106,102,101,93,85,93,79,54,49,50,56,50,47,61,99,35,67,56,243,239,250,74,69,70,69,68,73,59,87,87,87,81,75,79,90,77,81,77,481,481,608,599,525,571,1403,1374,1141,1043]} 1. Nf3 d5 2. g3 Nc6 3. Bg2 e5 4. d3 g6 5. O-O Bg7 6. e4 Nge7 7. exd5 Nxd5 8. Nc3 {C44: Ponziani Opening and Scotch Gambit} Nde7 9. Re1 O-O 10. Rb1 {The position is equal.} Bg4 $146 ({Predecessor:} 10... a5 11. a3 Re8 12. b4 axb4 13. axb4 Nf5 14. Bg5 f6 15. Bd2 Be6 16. b5 Nce7 17. g4 {1-0 (30) Carlsen,M (2832)-Nakamura,H (2786) chess.com INT 2018}) 11. h3 Be6 12. b4 Nd5 13. Nxd5 Bxd5 14. c4 Bxf3 $1 15. Bxf3 Qc8 16. Bb2 Rd8 17. Bxc6 $1 bxc6 18. Bxe5 Qxh3 19. Bxc7 Rd7 20. Be5 Qf5 $1 21. d4 Rad8 {And now ...Bxe5 would win.} 22. Bxg7 Kxg7 23. d5 Qf6 {[%cal Rc6d5]} 24. b5 (24. Re4 $16) 24... cxd5 $14 25. c5 h5 $2 {[#]} (25... d4 $14) 26. c6 $1 $18 {[%cal Rc6d7]} Rd6 27. Qe2 $2 (27. Qa4 $18 {and the rest is easy.}) 27... d4 $16 28. Qe5 d3 29. Qxf6+ Kxf6 $14 {[%mdl 4096] Endgame KRR-KRR} 30. Rb4 d2 31. Rf4+ Kg7 32. Rd1 Rd5 {[#]} 33. Rc4 $1 Kf6 34. a4 Ke6 35. Re4+ Kd6 $2 {[%mdl 8192]} (35... Kf6 $16) 36. Re2 $18 {White is clearly winning.} Kc5 {[#] next ...Kb4 is good for Black.} 37. Rexd2 $1 {[%mdl 512]} Rxd2 38. Rxd2 Rc8 39. Rd7 $1 {[%csl LRa7,LRf7]} a6 40. Rb7 {Accuracy: White = 77%, Black = 41%.} 1-0

[Event "17th Aeroflot Open-A 2019"]
[Site "Moscow"]
[Date "2019.02.22"]
[Round "3.4"]
[White "Wei, Yi"]
[Black "Lupulescu, Constantin"]
[Result "1/2-1/2"]
[WhiteElo "2733"]
[BlackElo "2610"]
[Annotator "TA"]
[PlyCount "124"]
[EventDate "2019.02.19"]
[EventCountry "RUS"]
[SourceTitle "playchess.com"]
[Source "ChessBase"]
[SourceQuality "1"]

{[%evp 9,124,23,18,21,20,20,20,11,21,18,8,12,21,22,12,0,2,1,2,8,2,0,0,0,0,0,0,0,3,0,-7,-7,-14,-13,0,-8,-8,-22,-11,-11,-3,-43,-9,-26,-4,-9,0,-6,0,-29,-18,-15,0,0,0,0,0,-10,0,0,0,0,0,0,0,0,0,0,19,19,22,15,70,79,110,20,20,20,20,20,20,20,20,20,20,20,66,66,66,66,66,66,66,69,70,0,0,0,0,0,0,0,0,0,0,0,0,0,0,0,0,0,0,0,0,0,0]} 1. e4 c6 2. d4 d5 3. e5 c5 4. dxc5 e6 5. Nf3 Bxc5 6. a3 {B12: Caro-Kann: Advance Variation} Ne7 7. b4 (7. Bd3 Ng6 8. O-O O-O 9. Nbd2 Nc6 10. b4 Bb6 11. Bxg6 fxg6 12. Nb3 Bd7 13. Re1 {1-0 (29) Anand,V (2773)-Mamedyarov,S (2817) Wijk aan Zee 2019}) 7... Bb6 8. Bb2 a5 9. Nbd2 axb4 10. axb4 Rxa1 11. Qxa1 O-O 12. Bd3 Na6 13. Qa3 $146 ({Predecessor:} 13. c3) 13... Ng6 {[%cal Be7g6,Bg6f4,Bf4d3][%mdl 32]} 14. O-O Nf4 15. Rb1 Nxd3 16. Qxd3 Qe7 17. Qb3 Bd7 18. c4 Rc8 ({Avoid the trap} 18... Qxb4 $2 19. Qxb4 Nxb4 20. Ba3 $18) 19. Ba3 Qe8 20. c5 Bd8 21. Nd4 Be7 22. Qd3 Ra8 23. N2b3 Nc7 24. Bc1 Nb5 25. h3 h6 26. Bd2 Ra3 27. Nc2 Ra8 28. Na5 Qb8 29. Nd4 Nxd4 30. Qxd4 Bd8 31. Nc4 dxc4 32. Qxd7 Bc7 33. Qd4 Qd8 34. Qxd8+ Rxd8 $11 {[%mdl 4096] Endgame KRB-KRB} 35. Bc3 b5 36. cxb6 $1 Bxb6 37. Kf1 Rd3 38. Rc1 Kh7 39. Ke2 g5 $1 40. Bd2 Rd5 ({Black should play} 40... Bxf2 $1 $11 41. Rxc4 Rd5) 41. Be3 $14 Rxe5 {[#]} 42. Rxc4 ({Better is} 42. Kd2 $1 $16 Bc7 43. Rxc4 Rd5+ 44. Kc3 Be5+ 45. Kb3) 42... f5 $11 {And now ...f4 would win.} 43. Kd3 Bxe3 44. fxe3 {KR-KR} Kg6 45. Rc3 {Black must now prevent Kc4.} f4 46. exf4 gxf4 47. Rb3 Re3+ 48. Kc4 {[#] Hoping for Rxe3.} Re2 49. b5 $1 {[%cal Bb4b5,Bb5b6][%mdl 32]} Rxg2 50. b6 Rc2+ 51. Kd4 {[%mdl 1024] White has compensation.} Rc8 52. Ke5 (52. Ke4 $1 $14) 52... Kg5 $1 {The position is equal.} 53. Kd6 Kh4 54. Rf3 Kg5 55. Rb3 {Strongly threatening b7.} Kh4 56. Rf3 Kg5 57. Ra3 Kh4 58. b7 Rb8 59. Kc7 Rh8 60. Kc6 {Ra8 is the strong threat.} Rb8 $1 61. Kc7 Rh8 62. Kc6 {aiming for Ra8.} Rb8 $1 {Precision: White = 71%, Black = 78%.} 1/2-1/2

[Event "17th Aeroflot Open-A 2019"]
[Site "Moscow"]
[Date "2019.02.22"]
[Round "3.5"]
[White "Fedoseev, Vladimir"]
[Black "Idani, Pouya"]
[Result "1-0"]
[WhiteElo "2715"]
[BlackElo "2604"]
[Annotator "TA"]
[PlyCount "99"]
[EventDate "2019.02.19"]
[EventCountry "RUS"]
[SourceTitle "playchess.com"]
[Source "ChessBase"]
[SourceQuality "1"]

{[%evp 9,99,10,8,12,4,1,15,15,18,11,17,15,12,16,18,25,25,18,18,8,6,0,0,0,0,0,52,58,68,66,51,51,66,74,58,39,55,50,185,182,192,207,230,230,230,231,239,214,247,226,230,221,229,229,226,222,216,221,258,239,266,260,258,249,290,283,277,265,264,252,285,276,272,257,250,257,378,378,366,342,425,425,420,414,400,383,446,444,456,456,396,361]} 1. d4 d5 2. Nf3 Nf6 3. e3 e6 4. b3 b6 5. Bb5+ (5. Bb2 Ba6 6. Bxa6 Nxa6 7. O-O Be7 8. c4 O-O 9. Qe2 Qc8 10. cxd5 exd5 11. Rc1 Qb7 12. Ne5 {½-½ (38) So,W (2815)-Carlsen,M (2832) chess.com INT 2017}) 5... c6 6. Bd3 {D05: Colle System with ...e6} Bd6 7. Nbd2 Nbd7 8. Bb2 {The position is equal.} Qc7 $146 ({Predecessor:} 8... Qe7 9. Ne5 Bb7 10. O-O O-O 11. f4 {0-1 (25) Sevin,I (1994)-Deniz,M (1915) Konya 2017}) 9. c4 O-O 10. O-O Bb7 11. Re1 Rfe8 12. Rc1 Rad8 13. Qc2 h6 14. a3 a5 15. cxd5 exd5 16. g3 Qb8 17. Nh4 Nf8 (17... Rc8 $11) 18. Nf5 $14 Ne6 19. e4 dxe4 20. Nxe4 Nxe4 21. Bxe4 c5 22. Nxd6 Rxd6 23. dxc5 bxc5 ({Black should play} 23... Nxc5 $14 24. Bxb7 Rxe1+ 25. Rxe1 Nxb7) 24. Be5 $1 $36 {[%mdl 2112] Hoping for Bxb7. Skewer. White has strong initiative.} Nd4 25. Bxd6 (25. Qxc5 $6 Bxe4 26. Bxd4 (26. Bxd6 $2 Nf3+ {[%mdl 64] Double Attack} 27. Kf1 Nxh2+ 28. Kg1 Nf3+ {[%mdl 64] Double Attack} 29. Kf1 Nh2+ 30. Kg1 Nf3+ {[%mdl 64] Double Attack} 31. Kf1 Bd3+ 32. Re2 Bxe2+ $19) 26... Rc6 $14) 25... Nxc2 26. Bxb8 Nxe1 27. Bxb7 Nd3 28. Rc3 Rxb8 {[%mdl 4096] Endgame KRB-KRN} 29. Bd5 ({Weaker is} 29. Rxd3 Rxb7 30. Rc3 Rc7 $11) 29... c4 30. Rxc4 ({Don't do} 30. Bxc4 Ne5) ({But not} 30. bxc4 $6 Nc5) 30... Rd8 31. Be4 Kf8 32. Rc3 Nb2 33. a4 Rd2 34. Bc2 Nd1 35. Rc8+ $1 Ke7 36. Kf1 $1 Kd7 37. Ke1 Rd5 {[#]} 38. Rc4 $1 Nb2 39. Rc3 Kd6 40. Ke2 g6 41. g4 h5 42. gxh5 Rxh5 (42... gxh5 $142 43. h3 Ke6) 43. Kd2 Rxh2 {[#]} 44. Rf3 $1 f5 45. Kc3 Nxa4+ 46. bxa4 Ke5 47. Kd2 Kd4 48. Ke2 Rh1 49. Rd3+ Kc4 50. Rg3 {Accuracy: White = 89%, Black = 50%.} 1-0

[Event "17th Aeroflot Open-A 2019"]
[Site "Moscow"]
[Date "2019.02.22"]
[Round "3.6"]
[White "Esipenko, Andrey"]
[Black "Wang, Hao"]
[Result "1/2-1/2"]
[WhiteElo "2603"]
[BlackElo "2714"]
[Annotator "TA"]
[PlyCount "78"]
[EventDate "2019.02.19"]
[EventCountry "RUS"]
[SourceTitle "playchess.com"]
[Source "ChessBase"]
[SourceQuality "1"]

{[%evp 16,78,24,29,30,29,67,0,0,0,0,0,10,-14,-22,-17,0,0,-16,-9,0,0,9,-4,0,-5,0,-12,0,-16,0,0,0,-21,-23,-25,-22,-32,-9,-35,-25,-31,-23,-31,-22,-21,0,0,0,-15,-20,-97,-93,-93,0,-49,-53,-56,-64,-72,27,-44,0,-70,22]} 1. d4 Nf6 2. Nf3 e6 3. c4 Bb4+ 4. Nbd2 O-O 5. a3 Be7 6. e4 d6 {E11: Bogo-Indian} (6... d5 7. e5 Nfd7 8. Bd3 c5 9. h4 g6 10. O-O Nc6 11. Nb3 dxc4 12. Bxc4 cxd4 13. Re1 a5 14. Bh6 Re8 15. Rc1 Nb6 {1-0 (39) Ding,L (2804)-Saric,I (2689) Batumi 2018}) 7. Be2 Nfd7 8. b4 e5 9. d5 {LiveBook: 3 Games} a5 10. Bb2 c5 11. dxc6 (11. b5 $14) 11... Nxc6 $11 12. Bc3 Qc7 $146 ({Predecessor:} 12... Nf6 13. O-O b6 14. Qc2 Bb7 15. Rad1 Qc7 16. Rfe1 Nd8 17. Bf1 Ne6 18. Qb2 {½-½ (18) Rezan,S (2443)-Dizdarevic,E (2455) Sibenik 2016}) 13. O-O Nb6 14. Qb3 Be6 15. Rab1 axb4 16. axb4 Rfc8 17. Rfc1 Bf6 18. Ra1 Qd8 19. h3 g6 20. Bb2 Bg7 21. Rd1 Rxa1 22. Rxa1 Bf6 23. Rd1 Nd7 24. Bc3 (24. b5 $5 {[%cal Rb5c6]} Na5 25. Qa3 $11) 24... Nd4 25. Bxd4 $1 exd4 26. Rc1 Qb6 27. Bd3 Ne5 28. Nxe5 dxe5 29. Qb2 Be7 30. Rb1 Qa6 31. Ra1 Qb6 32. Rb1 $1 Qc6 33. Ra1 {[#]} (33. c5 $11) 33... b6 $1 $36 {[%cal Bb7b6,Bb6c5][%mdl 2080] Black is on the roll.} 34. c5 Qc7 (34... bxc5 $17 35. b5 Qe8) 35. Nc4 bxc5 36. b5 Rb8 37. Ra6 Bc8 ({Black should try} 37... Bd8 $17 38. b6 Qc6 39. Nxe5 Qd6) 38. Ra1 (38. b6 $11 Qc6 39. Ra7) 38... Be6 39. Ra6 Bc8 {Precision: White = 52%, Black = 46%.} (39... Bd8 $15 40. Qb1 h6) 1/2-1/2

[Event "17th Aeroflot Open-A 2019"]
[Site "Moscow"]
[Date "2019.02.22"]
[Round "3.7"]
[White "Mamedov, Rauf"]
[Black "Donchenko, Alexander"]
[Result "1/2-1/2"]
[WhiteElo "2703"]
[BlackElo "2600"]
[Annotator "TA"]
[PlyCount "69"]
[EventDate "2019.02.19"]
[EventCountry "RUS"]
[SourceTitle "playchess.com"]
[Source "ChessBase"]
[SourceQuality "1"]

{[%evp 24,69,21,0,0,-28,30,22,29,0,8,0,0,0,41,44,45,39,50,41,43,40,73,66,74,75,99,92,83,48,47,47,62,28,69,-18,-2,-17,0,0,0,-17,-16,-32,0,-33,0,-26]} 1. e4 c6 2. Nc3 d5 3. d4 dxe4 4. Nxe4 Bf5 5. Ng3 Bg6 6. h4 h6 7. Nf3 Nd7 8. h5 Bh7 9. Bd3 Bxd3 10. Qxd3 e6 11. Bd2 Ngf6 12. O-O-O Be7 13. Kb1 Qb6 {[#] B19: Classical Caro-Kann: 4...Bf5 main line} 14. Nh4 $146 ({Predecessor:} 14. c4 Rd8 15. Bf4 O-O 16. Qc2 Rfe8 17. Nf1 c5 18. d5 exd5 19. cxd5 Ng4 20. N3h2 Nxh2 21. Rxh2 {½-½ (56) Duda,J (2724)-Esipenko,A (2571) Caleta 2018}) 14... O-O-O (14... c5 $142) 15. c4 $11 Kb8 16. Bf4+ Ka8 17. Nf3 Rhe8 18. Qc2 Ng4 19. c5 Qb5 20. Ne4 $36 {[%mdl 2048] White is pushing.} Ndf6 21. Nc3 Qa5 22. Rh4 Rg8 23. Re1 Qa6 24. Bg3 g5 25. hxg6 $1 Rxg6 26. Rhh1 {Black must now prevent Rxe6!} Nd5 27. Nxd5 Rxd5 28. a3 Qa5 29. Re4 ({Better is} 29. Nd2 $1 $14) 29... Qd8 $1 30. Ka1 Rg8 31. Qe2 h5 32. Rf4 Bf6 33. Re4 Be7 34. Rf4 Bf6 35. Re4 {Accuracy: White = 59%, Black = 51%.} 1/2-1/2

[Event "17th Aeroflot Open-A 2019"]
[Site "Moscow"]
[Date "2019.02.22"]
[Round "3.8"]
[White "Antipov, Mikhail Al."]
[Black "Inarkiev, Ernesto"]
[Result "1-0"]
[WhiteElo "2589"]
[BlackElo "2692"]
[Annotator "TA"]
[PlyCount "85"]
[EventDate "2019.02.19"]
[EventCountry "RUS"]
[SourceTitle "playchess.com"]
[Source "ChessBase"]
[SourceQuality "1"]

{[%evp 9,85,2,34,25,27,29,28,25,17,15,32,-6,27,33,39,34,48,50,87,77,79,63,70,78,85,67,54,37,157,159,241,235,207,227,243,235,232,236,262,276,271,247,244,231,305,297,293,309,310,309,286,301,298,297,347,328,402,406,394,368,29959,29960,12052,12052,6054,5891,29988,29989,29989,29990,29992,29993,29993,29993,29989,29989,29992,29993]} 1. c4 e5 2. e3 Nf6 3. Nc3 Bb4 4. Nge2 c6 (4... O-O 5. a3 Be7 6. d4 exd4 7. exd4 d5 8. Nf4 Re8 9. Be3 Ng4 10. Qf3 c5 11. O-O-O Nc6 12. Ncxd5 cxd4 13. Nxe7+ Rxe7 14. Bd2 Nce5 {1-0 (69) Rakhmanov,A (2629)-Aronian,L (2765) St Petersburg 2018}) 5. a3 Be7 6. d4 {A22: English Opening: 1...e5 2 Nc3 Nf6} exd4 7. Nxd4 d5 8. cxd5 {White has an edge.} Nxd5 9. Bd2 $146 ({Predecessor:} 9. Qc2 Nxc3 10. bxc3 O-O 11. Bd3 g6 12. O-O {½-½ (46) McNab,C-Taulbut,S (2435) Torquay/ Devon 1982}) 9... Bf6 10. Nxd5 Bxd4 11. Nc3 $36 {[%mdl 2048] White fights for an advantage.} Be5 12. Qc2 Qe7 13. Bd3 Nd7 14. Ne4 a5 15. O-O O-O 16. f4 Bc7 17. Rae1 Rd8 18. Bc3 Nf8 (18... Nb6 $14) 19. f5 $1 $16 {[%cal Rf5f6] Hoping for f6.} f6 (19... Qe8 $16 {was worth a try.}) 20. Bc4+ $18 Kh8 {[#]} 21. Ng5 $1 {[%cal Rg5f7][%mdl 512] And now Nf7+ would win.} h6 ({Wrong is} 21... fxg5 $2 22. f6 $18) 22. Nf7+ {[%mdl 64] Double Attack} Kh7 23. Nxd8 Bxd8 24. Ba2 {aiming for Qb3.} Nd7 25. Qb3 {[%csl Ga2][%cal Rb3g8]} Qf8 26. e4 Bc7 27. e5 Nxe5 28. Bxe5 Bxe5 {[#]} 29. Rxe5 $1 {[%mdl 512]} fxe5 {[#]} 30. f6 $1 {[%cal Rf6g7][%mdl 512] Threatens to win with fxg7.} g6 (30... gxf6 31. Rxf6) 31. Bb1 a4 32. Qc4 Bf5 33. Bxf5 gxf5 {[%mdl 4096] Endgame KQR-KQR} 34. Qe6 {[%mdl 64] Double Attack} Re8 $2 (34... Qe8 $18 35. Qxf5+ Qg6 36. Qd7+ Kh8 37. Qxb7 Rd8) 35. Qxf5+ Kh8 36. f7 Qc5+ 37. Kh1 Rf8 38. Qg6 {[%cal Rg6h6] White mates.} Qe3 39. h4 ({Weaker is} 39. Qd6 Rxf7 40. Qb8+ Kg7 $11) 39... e4 40. Kh2 c5 41. Rf5 b5 {[#]} 42. Rg5 $1 {[%cal Rg6h6][%mdl 512]} Qf4+ (42... hxg5 43. Qh6#) 43. Kh3 {Accuracy: White = 92%, Black = 21%.} 1-0

[Event "17th Aeroflot Open-A 2019"]
[Site "Moscow"]
[Date "2019.02.22"]
[Round "3.9"]
[White "Yuffa, Daniil"]
[Black "Korobov, Anton"]
[Result "0-1"]
[WhiteElo "2578"]
[BlackElo "2687"]
[Annotator "TA"]
[PlyCount "84"]
[EventDate "2019.02.19"]
[EventCountry "RUS"]
[SourceTitle "playchess.com"]
[Source "ChessBase"]
[SourceQuality "1"]

{[%evp 19,84,-13,0,0,10,18,15,18,10,12,34,0,0,0,0,-62,-74,-44,-58,-74,0,0,0,-31,-39,-58,-51,-243,-236,-238,-235,-234,-238,-256,-256,-256,-256,-252,-251,-251,-245,-250,-245,-287,-306,-286,-272,-489,-483,-415,-373,-473,-469,-564,-574,-571,-561,-530,-529,-512,-485,-468,-424,-623,-539,-610,-597]} 1. d4 d5 2. c4 c6 3. Nf3 Nf6 4. Nc3 e6 5. Bg5 h6 6. Bh4 dxc4 7. e4 g5 8. Bg3 b5 9. Be2 Bb7 10. O-O Nbd7 11. Ne5 {D43: Semi-Slav: 5 Bg5 h6} h5 {Strongly threatening ...h4.} 12. Nxd7 Qxd7 13. Be5 {The position is equal.} (13. b3 Bb4 14. Be5 Rh6 15. Qc1 Bxc3 16. Qxc3 Nxe4 17. Qe3 f6 18. Qxe4 fxe5 19. Qxe5 {1-0 (34) Grischuk,A (2766)-Nepomniachtchi,I (2757) chess.com INT 2018}) 13... Rh6 14. Qc1 Rg6 15. Qe3 Ng4 16. Bxg4 $1 hxg4 17. Rfd1 $146 (17. f4 $11) ({Predecessor:} 17. Rad1 f6 18. Bg3 Kf7 {½-½ (32) Porper,E (2474)-Korneev,O (2565) Senden 2007}) 17... f6 18. Bg3 Kf7 19. b3 b4 (19... cxb3 $17 20. axb3 Kg8) 20. Na4 $11 c3 {[#]} 21. a3 $1 {[%mdl 512]} c2 $36 {[%mdl 2048] Black has the initiative.} (21... bxa3 22. Nc5) 22. Re1 Rd8 23. Nc5 $2 (23. Qc1 $15) 23... Bxc5 $1 $19 24. dxc5 e5 $1 25. axb4 Qd2 26. f3 ({Don't blunder} 26. Rxa7 $2 Qxe1+ $3 {[%mdl 512]} 27. Qxe1 Rd1 $19) 26... Qxe3+ ({And not} 26... Qxb4 27. Rec1 $11) 27. Rxe3 Rgg8 28. Rc1 Rd1+ 29. Re1 Rd2 30. fxg4 Rgd8 31. h4 {intending hxg5.} Ba6 32. hxg5 fxg5 33. Bxe5 $2 {[#]} (33. Bf2) 33... R8d3 $1 34. Kh2 {If White can now play Rf1+ this consolidates a bit.} Ke6 35. Bg7 Rd1 {Black is clearly winning.} 36. Bb2 Rxb3 37. Rexd1 cxd1=Q 38. Rxd1 Rxb2 {KRB-KR} 39. Rd6+ Ke5 40. Rxc6 Bd3 41. Rg6 (41. Rc8 $142 Bxe4 42. c6 Bxg2 43. Kg3) 41... Kf4 42. Rf6+ Kxg4 {Accuracy: White = 40%, Black = 87%.} 0-1

[Event "17th Aeroflot Open-A 2019"]
[Site "Moscow"]
[Date "2019.02.22"]
[Round "3.10"]
[White "Aleksandrov, Aleksej"]
[Black "Sjugirov, Sanan"]
[Result "1/2-1/2"]
[WhiteElo "2574"]
[BlackElo "2663"]
[Annotator "TA"]
[PlyCount "27"]
[EventDate "2019.02.19"]
[EventCountry "RUS"]
[SourceTitle "playchess.com"]
[Source "ChessBase"]
[SourceQuality "1"]

{[%evp 15,27,23,25,12,20,0,0,0,0,0,0,0,0,0]} 1. d4 Nf6 2. c4 g6 3. Nc3 d5 4. cxd5 Nxd5 5. e4 Nxc3 6. bxc3 Bg7 7. Nf3 c5 8. Be3 Qa5 9. Nd2 {D85: Exchange Grünfeld: Unusual White 7th moves and lines with 7 Nf3} O-O {The position is equal.} (9... Bd7 10. Rb1 Ba4 11. Qxa4+ Qxa4 12. Bb5+ Qxb5 13. Rxb5 b6 14. dxc5 Nd7 15. Ke2 Bxc3 16. Nb3 O-O {½-½ (28) Navara,D (2741)-Vachier Lagrave,M (2779) Biel 2018}) 10. Nb3 Qxc3+ 11. Bd2 Qb2 12. Bc1 Qc3+ $146 13. Bd2 Qb2 14. Bc1 1/2-1/2